| 000 | 005510000a22002050004500 | ||
|---|---|---|---|
| 003 | LK-CoMWRAF | ||
| 008 | 230817t ||||| |||| 00| 0 eng d | ||
| 020 | _a9559250000 | ||
| 040 |
_aLK-CoMWRAF _dLK-CoMWRAF _eLK-CoMWRAF |
||
| 041 | _aeng | ||
| 082 |
_a320 _bFAM |
||
| 245 |
_aFamily Law: Law Asia 1993- Sri Lanka _b |
||
| 260 |
_aColombo _bBar Association of SL _c1993 |
||
| 300 | _ap.31 | ||
| 650 | _acitizenship law | ||
| 650 | _aDivorce Law | ||
| 650 | _aQuazi Courts | ||
| 650 | _aSurrogate parenthood <Muslim Personal Law | ||
| 942 | _cBK | ||
| 999 |
_c3054 _d3054 |
||